[Event "Bethune op"]
[Site "Bethune"]
[Date "2004.07.06"]
[Round "4"]
[White "Franek Mihout, Jan"]
[Black "Doosche, Carlo"]
[Result "1/2-1/2"]
[WhiteElo "1720"]
[BlackElo "1826"]
[PlyCount "72"]
[EventDate "2004.07.03"]
[EventType "swiss"]
[EventRounds "9"]
[EventCountry "FRA"]
[SourceTitle "EXT 2005"]
[Source "ChessBase"]
[SourceDate "2004.11.15"]
[SourceVersion "1"]
[SourceVersionDate "2004.11.15"]
[SourceQuality "1"]

1. d4 d5 2. c4 c6 3. e3 e6 4. Nf3 Nf6 5. Be2 dxc4 6. Bxc4 b5 7. Bd3 a6 8. 0-0 c5 9. dxc5 Bxc5 10. Nc3 0-0 11. Qe2 Bb7 12. Rd1 Qe7 13. e4 e5 14. Bg5 Nbd7 15. Rac1 Rfe8 16. Bb1 Qf8 17. Nh4 Rac8 18. Nf5 Bd4 19. Rc2 b4 20. Na4 Rxc2 21. Bxc2 h6 22. Bc1 Bc6 23. Nxd4 exd4 24. f3 Bb5 25. Qf2 d3 26. Bb3 Qd6 27. Bd2 Rc8 28. Qe3 a5 29. Qf4 Qxf4 30. Bxf4 Nc5 31. Nxc5 Rxc5 32. Be3 Rc8 33. e5 a4 34. Bxf7+ Kxf7 35. exf6 Kxf6 36. Kf2 b3 1/2-1/2